Tribhuvan University Central Library

रहस्यमय भोगाइः (Record no. 95086)

MARC details
000 -LEADER
fixed length control field 00660nam a22001817a 4500
008 - FIXED-LENGTH DATA ELEMENTS--GENERAL INFORMATION
fixed length control field 200304b xxu||||| |||| 00| 0 eng d
020 ## - INTERNATIONAL STANDARD BOOK NUMBER
International Standard Book Number 9789994678464
041 ## - LANGUAGE CODE
Language code of text/sound track or separate title Nep
082 ## - DEWEY DECIMAL CLASSIFICATION NUMBER
Classification number N895.513/A487r
100 ## - MAIN ENTRY--PERSONAL NAME
Personal name आचार्य, सुबिसुधा/Acharya , Subisudha
241 ## - ROMANIZED TITLE (BK AM CF MP MU VM)
Romanized title Rahasyamaya vogai (Katha sangraha )
245 ## - TITLE STATEMENT
Title रहस्यमय भोगाइः
Remainder of title कथा संग्रह
260 ## - PUBLICATION, DISTRIBUTION, ETC.
Place of publication, distribution, etc. काभ्रेः
Name of publisher, distributor, etc. जनमत प्रकाशन,
Date of publication, distribution, etc. २०६५
300 ## - PHYSICAL DESCRIPTION
Extent १४९पृ.
650 ## - SUBJECT ADDED ENTRY--TOPICAL TERM
Topical term or geographic name entry element नेपाली साहित्य
650 ## - SUBJECT ADDED ENTRY--TOPICAL TERM
Topical term or geographic name entry element नेपाली कथा
942 ## - ADDED ENTRY ELEMENTS (KOHA)
Source of classification or shelving scheme Dewey Decimal Classification
Koha item type ISBN
Holdings
Withdrawn status Lost status Source of classification or shelving scheme Damaged status Not for loan Home library Current library Date acquired Total Checkouts Full call number Barcode Date last seen Price effective from Koha item type
    Dewey Decimal Classification     Tribhuvan University Central Library Tribhuvan University Central Library 03/04/2020   N895.513/A487r IS7789 03/04/2020 03/04/2020 ISBN